| 000 | 00727nam a2200241 a 4500 | ||
|---|---|---|---|
| 005 | 20241115063733.0 | ||
| 008 | 991125s1965 mx 000 0 spa u | ||
| 020 | _a9681615549 | ||
| 035 | _aUPN01000046448 | ||
| 049 | _aCG | ||
| 050 | 4 |
_aBD545 _bN5.6 |
|
| 100 | 1 |
_aNicol, Eduardo, _d1907-1990 _929437 |
|
| 245 | 1 | 4 |
_aLos principios de la ciencia / _cEduardo Nicol. |
| 260 |
_aMéxico : _bFCE, _c1965. |
||
| 300 | _a510 p. | ||
| 440 | 0 | _aSección de obras de filosofía | |
| 590 | _a(También localizas un ejemplar en el "Area de Reserva") | ||
| 590 | _aBibliografía Básica (BGTQ) | ||
| 650 | 2 |
_aCausalidad _96519 |
|
| 650 | 4 |
_aCiencia _xFilosofía _94696 |
|
| 650 | 4 |
_aTeoría del conocimiento _91707 |
|
| 905 | _aLibro | ||
| 999 |
_c46448 _d46448 |
||